| 000 | 00324nam a2200109Ia 4500 | ||
|---|---|---|---|
| 008 | 180315s9999 xx 000 0 und d | ||
| 020 | _a9781847940520 | ||
| 100 | _aLeighton, Allan | ||
| 245 |
_aTough calls : _bMaking the right decisions in challenging times |
||
| 260 |
_aUK : _b2011 _cBusiness Books |
||
| 300 | _avi, 243 pages | ||
| 999 |
_c356318 _d356318 |
||